Bilecik Bilecik Bilecik Bilecik Bilecik

Şerhu hal'i'n-na'leyn = (Record no. 63474)

MARC details
000 -BAŞLIK
Sabit Uzunluktaki Kontrol Alanı 01433nam a22003977a 4500
001 - KONTROL NUMARASI
Control Dosyası 0063678
003 - KONTROL NUMARASI KİMLİĞİ
Kontrol Alanı KOHA_MİRAKIL
005 - EN SON İŞLEM TARİHİ ve ZAMANI
Kontrol Alanı 20260207004448.0
007 - FİZİKSEL TANIM SABİT ALAN - GENEL BİLGİ
Sabit uzunluklu kontrol alanı ta
008 - SABİT UZUNLUKTAKİ VERİ ÖGELERİ - GENEL BİLGİ
Sabit Alan 190304b2017 tu |||gr||||#0|||0|tur |
020 ## - ISBN - ULUSLARARASI STANDART KİTAP NUMARASI
Isbn 9789751739964
040 ## - KATALOGLAMA KAYNAĞI
Özgün Kataloglama Kurumu TR-BiSEU
Kataloglama Dili tur
Çeviri Kurumu TR-BiSEU
Açıklama Kuralları rda
041 0# - DİL KODU
Metin ya da ses kaydının dil kodu tur
-- ara
044 ## - YAYINLAYAN/ÜRETEN KURULUŞUN ÜLKE KODU
ISO country code tu
050 ## - SINIFLAMA ve YER NUMARASI
Sınıflama Numarası B753.I23
Yer Numarası S47 2017
100 1# - KİŞİ ADI
Yazar Adı (Kişi adı) Ibn al-Arabi, Muhyiddin.
240 10 - TEK BİÇİM BAŞLIK
Tekbiçim Başlık <a href="Hal'u'n-na'leyn şerhi (inceleme-eleştirmeli metin-çeviri)">Hal'u'n-na'leyn şerhi (inceleme-eleştirmeli metin-çeviri)</a>
Language of a work Türkçe
245 1# - ESER ADI BİLDİRİMİ
Başlık Şerhu hal'i'n-na'leyn =
Alt Eseradı vb. Hal'u'n-na'leyn şerhi (inceleme-eleştirmeli metin-çeviri)/
Sorumluluk Bildirimi Muhyiddin Ibn al-Arabi ; Muhyiddin İbnü'l-Arabi; hazırlayan Ercan Alkan.
264 #1 - ÜRERİM, YAYIN, DAĞITIM ve TELİF BİLDİRİMİ
Yayın yeri İstanbul :
Yayınlayan Türkiye Yazma Eserler Kurumu Başkanlığı
Yayın tarihi 2017
300 ## - FİZİKSEL TANIMLAMA
Sayfa, Cilt vb. 742 sayfa ;
Boyutları 24 cm.
336 ## - İÇERİK TÜRÜ
Content type term metin
Content type code txt
Source rdacontent
337 ## - MEDYA TÜRÜ
Media type term aracısız
Media type code n
Source rdamedia
338 ## - TAŞIYICI TÜRÜ
Carrier type term cilt
Carrier type code nc
Source rdacarrier
490 1# - DİZİ BİLDİRİMİ
Dizi Bildirimi Türkiye Yazma Eserler Kurumu Başkanlığı yayınları ;
Cilt Numarası 90.
490 1# - DİZİ BİLDİRİMİ
Dizi Bildirimi Dini İlimler serisi ;
Cilt Numarası 15.
500 ## - GENEL NOT
Genel Not Dizin var.
500 ## - GENEL NOT
Genel Not Metin, Türkçe-Arapça paralel.
650 #0 - KONU BAŞLIĞI EK GİRİŞ - KONU TERİMİ
Konusal terim veya coğrafi ad Sufism.
9 (RLIN) 8189
650 #0 - KONU BAŞLIĞI EK GİRİŞ - KONU TERİMİ
Konusal terim veya coğrafi ad Tasavvuf.
9 (RLIN) 8184
650 #0 - KONU BAŞLIĞI EK GİRİŞ - KONU TERİMİ
Konusal terim veya coğrafi ad Islamic philosophy.
9 (RLIN) 23248
650 #0 - KONU BAŞLIĞI EK GİRİŞ - KONU TERİMİ
Konusal terim veya coğrafi ad İslam felsefesi.
9 (RLIN) 15838
830 1# - SERİ EK GİRİŞİ - TEKBİÇİM ESER ADI
Tekbiçim Başlık Türkiye Yazma Eserler Kurumu Başkanlığı yayınları ;
Volume number/sequential designation 90.
9 (RLIN) 84004
830 1# - SERİ EK GİRİŞİ - TEKBİÇİM ESER ADI
Tekbiçim Başlık Dini İlimler serisi ;
Volume number/sequential designation 15.
9 (RLIN) 118107
856 40 - ELEKTRONİK YER ve ERİŞİM
Kaynak Tanımlayıcı (URL) <a href="http://www.ekitap.yek.gov.tr/Home/Show2?BOOK_NO=90">http://www.ekitap.yek.gov.tr/Home/Show2?BOOK_NO=90</a>
907 ## - LOCAL DATA ELEMENT G, LDG (RLIN)
a Din
942 ## - EK GİRİŞ ÖGELERİ (KOHA)
Source of classification or shelving scheme Library of Congress Classification
Koha item type Book
Holdings
Materyal Türü Kalıcı Konum Mevcut Konum Raf Yeri Sınıflandırma Kaynağı Edinim Bilgisi Ana Konular Alt Konular Yer Numarası Demirbaş Numarası Fatura Tarihi Geri Çekilme Durumu Kayıp Durumu Hasarlı Durumu Kredi için değil Kayıt Tarih Toplam Ödünçverme Son Görülme Tarihi Son Kontrol Tarihi Genel / Bağış Notu
Book Prof. Dr. Azmi Özcan Kütüphanesi Prof. Dr. Azmi Özcan Kütüphanesi Uluğbey Salonu Library of Congress Classification Bağış FELSEFE, PSİKOLOJİ, DİN Felsefe (Genel) B753.I23 S47 2017 0063678 02/02/2026         04/03/2019   04/03/2025 04/03/2025 Türkiye Yazma Eserler Kurumu Başkanlığı